Uzemnění a jeho měření

Enregistré dans:
Détails bibliographiques
Auteur principal: Novotný, Vladimír (Auteur)
Format: Livre
Langue:tchèque
Publié: Praha : SNTL, 1973
Tags: Ajouter un tag
Pas de tags, Soyez le premier à ajouter un tag!

MARC

LEADER 00000nam a22000003a 4500
001 stu33602
005 20250925151146.1
008 981104s1973------------------------cze-d
040 |a STU  |b slo 
041 0 |a cze 
080 |a 621.316 
100 1 |a Novotný, Vladimír  |4 aut 
245 1 |a Uzemnění a jeho měření 
260 |a Praha :  |b SNTL,  |c 1973 
996 |b 284EK04137  |c E*30702  |l EE01  |s A  |a 24  |w stu33602_0001